LDR 00956naa#a2200229#i#450# 001 RU\\bibl\121484 005 20260429033623.3 011 ## _a1994-4683 100 ## _a20230531b2023####ek#y0rusy0150####ca 102 ## _aRU 200 1# _aФОРМИРОВАНИЕ ЗДОРОВОГО ОБРАЗА ЖИЗНИ СТУДЕНТОВ _eЖурнальная статья 210 1# _aМосква _cНациональный государственный Университет физической культуры, спорта и здоровья им. П.Ф. Лесгафта _d2023 215 ## _a2 с. 608 ## _aЖурнальная статья _2local 675 ## _aфизической культуре. 372.879.6 _z 700 #1 _aШурыгина _gВ В 700 #1 _aФедулина _gИ Р 700 #1 _aАлферова _gА П 700 #1 _aКушнир _gВ В 700 #1 _aШурыгин _gА С 700 #1 _aКаримова _gГ Р 856 4# _auchzapiski.lesgaft.spb.ru _u